<?xml version="1.0" encoding="UTF-8"?>
<record
    xmlns:xsi="http://www.w3.org/2001/XMLSchema-instance"
    xsi:schemaLocation="http://www.loc.gov/MARC21/slim http://www.loc.gov/standards/marcxml/schema/MARC21slim.xsd"
    xmlns="http://www.loc.gov/MARC21/slim">

  <leader>03719nam a2200277   4500</leader>
  <controlfield tag="003">DO-SdBJH</controlfield>
  <controlfield tag="005">20260702221800.0</controlfield>
  <controlfield tag="008">260623b2025    |||ad||| |||| 00| 0 spa d</controlfield>
  <datafield tag="040" ind1=" " ind2=" ">
    <subfield code="a">DO-SdBJH</subfield>
    <subfield code="b">spa</subfield>
    <subfield code="c">DO-SdBJH</subfield>
  </datafield>
  <datafield tag="041" ind1="0" ind2=" ">
    <subfield code="a">spa</subfield>
  </datafield>
  <datafield tag="090" ind1=" " ind2=" ">
    <subfield code="a">CT E-CEMA 0004</subfield>
    <subfield code="b">EGCEMA 2025</subfield>
  </datafield>
  <datafield tag="100" ind1="1" ind2=" ">
    <subfield code="a">Terrero Hern&#xE1;ndez, Jorge Luis</subfield>
    <subfield code="e">sustentante</subfield>
  </datafield>
  <datafield tag="245" ind1="1" ind2="0">
    <subfield code="a">An&#xE1;lisis de factibilidad para la instalacion de sistema fotovoltaico en edificio que alberga la comandancia :</subfield>
    <subfield code="b">general de la Fuerza A&#xE9;rea de Rep&#xFA;blica Dominicana /</subfield>
    <subfield code="c">Jorge Luis Terrero Hern&#xE1;ndez, Luis Emilio Miranda Quintana ; asesor metodol&#xF3;gico Eliseo M&#xE9;ndez ; asesor de contenido Rafael Jacobo Menc&#xED;a Cury.</subfield>
  </datafield>
  <datafield tag="260" ind1=" " ind2=" ">
    <subfield code="a">Santo Domingo, Rep&#xFA;blica Dominicana :</subfield>
    <subfield code="b">UNADE, </subfield>
    <subfield code="c">2025.</subfield>
  </datafield>
  <datafield tag="300" ind1=" " ind2=" ">
    <subfield code="a">xv, 76 p&#xE1;ginas :</subfield>
    <subfield code="b">Gr&#xE1;ficas.</subfield>
  </datafield>
  <datafield tag="502" ind1=" " ind2=" ">
    <subfield code="a">Tesis y trabajo de grado (Especialidad en Comando y Estado Mayor A&#xE9;reo) -- Universidad Nacional para la Defensa "General Juan Pablo Duarte y D&#xED;ez", Escuela de Graduados de Comando y Estado Mayor A&#xE9;reo, Santo Domingo, 2025.</subfield>
  </datafield>
  <datafield tag="504" ind1=" " ind2=" ">
    <subfield code="a">Incluye referencias bibliogr&#xE1;ficas, ap&#xE9;ndice y anexos.</subfield>
  </datafield>
  <datafield tag="505" ind1=" " ind2=" ">
    <subfield code="a">Sistema energ&#xE9;tico de la Fuerza A&#xE9;rea de Rep&#xFA;blica Dominicana y su relaci&#xF3;n con la energ&#xED;a fotovoltaica --An&#xE1;lisis de factibilidad para la instalaci&#xF3;n de un Sistema Fotovoltaico en el edificio de la comandancia general de la Fuerza A&#xE9;rea de la Rep&#xFA;blica Dominicana --Evaluaci&#xF3;n integral de la viabilidad del proyecto.</subfield>
  </datafield>
  <datafield tag="520" ind1=" " ind2=" ">
    <subfield code="a">La presente investigaci&#xF3;n analiza la viabilidad de implementar un sistema de energ&#xED;a solar fotovoltaica en el edificio que alberga la Comandancia General de la Fuerzas Aerea de Rep&#xFA;blica Dominicana (FARD), como respuesta a las limitaciones estructurales, operativas y ambientales del modelo energ&#xE9;tico convencional que actualmente sostiene su funcionamiento. El sistema vigente depende de la red electr&#xF3;nica nacional y del uso continuo de generadores de di&#xE9;sel, lo cual genera elevados costos de operaci&#xF3;n, exposici&#xF3;n a interruptores del servicio y un impacto ambiental desfavorable. El estudio se enmarca en un enfoque mixto, con un dise&#xF1;o no experimental de tipo descriptivo. La informaci&#xF3;n fue recopilada mediante entrevistas semiestructuradas realizadas a oficiales ingenieros de la FARD, quienes aportaron datos t&#xE9;cnicos sobre el consumo energ&#xE9;tico, las condiciones de la infraestructura y las capacidades e institucionales para una transici&#xF3;n energ&#xE9;tica. Esta informaci&#xF3;n fue contrastada con fuentes documentales oficiales del Estado dominicano, incluyendo normas del sector energ&#xE9;tico, estudios t&#xE9;cnicos y lineamientos ambientales vigentes. El an&#xE1;lisis permiti&#xF3; identificar que existen condiciones f&#xED;sicas y operativas favorables para la instalaci&#xF3;n de paneles solares as&#xED; como una necesidad institucional de reducir la dependencia del sistema electr&#xF3;nico interconectado. La propuesta se alinea con las pol&#xED;ticas nacionales de sostenibilidad energ&#xE9;tica y contribuye a mejorar la eficacia en el uso de los recursos pol&#xED;ticos. asimismo, se contempla un modelo de implementaci&#xF3;n progresiva que refuerce la autonom&#xED;a operativa de la FARTD, sin comprometer su seguridad ni su capacidad de respuesta estrat&#xE9;gica.  </subfield>
  </datafield>
  <datafield tag="650" ind1=" " ind2="7">
    <subfield code="2">lemb</subfield>
    <subfield code="a">Energ&#xED;a solar fotovoltaica</subfield>
    <subfield code="v">Tesis y disertaciones acad&#xE9;micas</subfield>
    <subfield code="x">Aplicaciones en instalaciones militares</subfield>
    <subfield code="x">Estudios de factibilidad</subfield>
    <subfield code="z">Rep&#xFA;blica Dominicana</subfield>
  </datafield>
  <datafield tag="650" ind1=" " ind2="7">
    <subfield code="2">lemb</subfield>
    <subfield code="a">Fuerza A&#xE9;rea</subfield>
    <subfield code="v">Tesis y disertaciones acad&#xE9;micas</subfield>
    <subfield code="x">Abastecimiento de energ&#xED;a</subfield>
    <subfield code="x">Administraci&#xF3;n de instalaciones</subfield>
    <subfield code="z">Rep&#xFA;blica Dominicana</subfield>
  </datafield>
  <datafield tag="700" ind1="1" ind2=" ">
    <subfield code="a">Miranda Quintana, Luis Emilio</subfield>
    <subfield code="e">sustentante</subfield>
  </datafield>
  <datafield tag="700" ind1="1" ind2=" ">
    <subfield code="a">M&#xE9;ndez, Eliseo</subfield>
    <subfield code="e">asesor metodol&#xF3;gico</subfield>
  </datafield>
  <datafield tag="700" ind1="1" ind2=" ">
    <subfield code="a">Mencia Cury, Rafael Jacobo</subfield>
    <subfield code="e">asesor de contenido</subfield>
  </datafield>
  <datafield tag="942" ind1=" " ind2=" ">
    <subfield code="2">CL</subfield>
    <subfield code="c">T</subfield>
  </datafield>
  <datafield tag="999" ind1=" " ind2=" ">
    <subfield code="c">8718</subfield>
    <subfield code="d">8718</subfield>
  </datafield>
  <datafield tag="952" ind1=" " ind2=" ">
    <subfield code="0">0</subfield>
    <subfield code="1">0</subfield>
    <subfield code="2">CL</subfield>
    <subfield code="4">0</subfield>
    <subfield code="7">0</subfield>
    <subfield code="8">TG</subfield>
    <subfield code="a">BJHA</subfield>
    <subfield code="b">BJHA</subfield>
    <subfield code="c">GEN</subfield>
    <subfield code="d">2026-07-02</subfield>
    <subfield code="i">25-02637</subfield>
    <subfield code="l">0</subfield>
    <subfield code="o">CT E-CEMA 0004 EGCEMA 2025</subfield>
    <subfield code="p">25-02637</subfield>
    <subfield code="r">2026-07-02 22:19:45</subfield>
    <subfield code="t">e.1</subfield>
    <subfield code="w">2026-07-02</subfield>
    <subfield code="y">T</subfield>
  </datafield>
</record>
